Szczegóły MARC21

A companion to modern British and Irish drama, 1880-2005 /

003 -Nazwa inst., której nr kontr. jest w polu 001 [,]
    • @
    • Nazwa instytucji, której n kontrolny jest w polu 001
    • NUKAT
005 -DATA I CZAS OSTATNIEJ MODYFIKACJI [,]
    • @
    • pole kontrolne
    • 20241231115158.0
020 -Międzynarod. znormalizowany nr książki - ISBN [ , ]
    • a
    • Numer ISBN
    • 9781405122283 Find
    • q
    • Dopowiedzenie
    • hdb., alk. paper
020 -Międzynarod. znormalizowany nr książki - ISBN [ , ]
    • a
    • Numer ISBN
    • 9781444332049 Find
    • q
    • Dopowiedzenie
    • pbk., alk. paper
040 -Instytucja sporządzająca opis [ , ]
    • a
    • Instytucja, która sporządziła opis (NP)
    • KR U/63BeG
    • c
    • Instytucja, która sporządziła rekord (NP)
    • KR U/63BeG
942 -Rodzaj dokumentu [ , ]
    • c
    • Rodzaj dokumentu
    • Książka
245 -Strefa tytułu i oznaczenia odpowiedzialności [0,2]
    • a
    • Tytuł
    • A companion to modern British and Irish drama, 1880-2005 / Find
    • c
    • Pozostałe elementy strefy tytułu i oznaczenia odpowiedzialności (NP)
    • ed. by Mary Luckhurst.
246 -Wariant tytułu [3,0]
    • a
    • Tytuł (NP)
    • Modern British and Irish drama, 1880-2005
260 -Strefa adresu wydawniczego [ , ]
    • a
    • Miejsce wydania (P)
    • Malden [etc.] :
    • b
    • Nazwa wydawcy (P)
    • Wiley-Blackwell,
    • c
    • Data wydania (P)
    • 2010.
300 -Strefa opisu fizycznego [ , ]
    • a
    • Określenie formy książki i/lub objętość (NP)
    • XVII, [1], 584 s. :
    • b
    • Oznaczenie ilustracji (NP)
    • il. ;
    • c
    • Format (NP)
    • 26 cm.
336 -Typ zawartości [ , ]
    • a
    • Termin opisujący typ zawartości
    • Tekst
    • b
    • Kod określający zawartość
    • txt
    • 2
    • Źródło (terminu i kodu)
    • rdacontent
337 -Typ mediów [ , ]
    • a
    • Tryb odtwarzania
    • Bez urządzenia pośredniczącego
    • b
    • Kod typu mediów
    • n
    • 2
    • Źródło (terminu i kodu)
    • rdamedia
338 -Typ/rodzaj nośnika [ , ]
    • a
    • Hasło opisujące typ nośnika
    • Wolumin
    • b
    • Kod typu nośnika
    • nc
    • 2
    • Źródło (terminu i kodu)
    • rdacarrier
490 -Strefa serii i książki wielotomowej - forma nie do wyszukiwania [1, ]
    • a
    • Tytuł (P)
    • Blackwell Companions to Literature and Culture ; Find
    • v
    • Numeracja (P)
    • 43
830 -Hasło dodatkowe serii i opisu książki wielotomowej - tytuł ujednolicony/tytuł [ ,0]
    • a
    • Tytuł ujednolicony/tytuł (NP)
    • Blackwell Companions to Literature and Culture
    • v
    • Oznaczenie tomu (NP)
    • 43
    • 9
    • KHW
    • 645828
504 -Uwaga dot. bibliogr. załącznikowej [ , ]
    • a
    • Uwaga dot. bibliografii załącznikowej
    • Bibliogr. przy rozdz. Indeks.
080 -Uniwersalna Klasyfikacja Dziesiętna [ , ]
    • 9
    • UKD
    • 9608
    • a
    • Symbol klasyfikacji
    • 821.111(091)-2
    • b
    • Dopowiedzenie
    • Literatura angielska (historia). - Utwory dramatyczne. Scenariusze filmowe.
    • 4
    • UKD2
    • 7644
    • x
    • Poddział wspólny
    • =111
    • c
    • Dopowiedzenie poddz. wspólnego
    • =Język angielski.
    • 4
    • UKD2
    • 9033
    • x
    • Poddział wspólny
    • "18/20"
    • c
    • Dopowiedzenie poddz. wspólnego
    • Wiek XIX/XXI.
080 -Uniwersalna Klasyfikacja Dziesiętna [ , ]
    • 2
    • Identyfikator wydania tablic
    • UDC-P058
    • 9
    • UKD
    • 16508
    • a
    • Symbol klasyfikacji
    • 821.152.1(091)-2
    • b
    • Dopowiedzenie
    • Literatura irlandzka (historia).- Utwory dramatyczne. Scenariusze filmowe.
    • 4
    • UKD2
    • 7644
    • x
    • Poddział wspólny
    • =111
    • c
    • Dopowiedzenie poddz. wspólnego
    • =Język angielski.
    • 4
    • UKD2
    • 9033
    • x
    • Poddział wspólny
    • "18/20"
    • c
    • Dopowiedzenie poddz. wspólnego
    • Wiek XIX/XXI.
980 -Symbol UKD [ , ]
    • a
    • UKD
    • 821.111(091)-2:821.152.1(091)-2]"1880/2005"=111
700 -Hasło dodatkowe - nazwa osobowa [1, ]
    • a
    • Nazwa osobowa (NP)
    • Luckhurst, Mary. Find
    • e
    • Określenie rodzaju współpracy
    • Red.
    • 9
    • KHW
    • 646276
920 -ISBN [ , ]
    • a
    • ISBN
    • 978-1-4051-2228-3 Find
    • q
    • Dopowiedzenie
    • hdb., alk. paper
920 -ISBN [ , ]
    • a
    • ISBN
    • 978-1-4443-3204-9 Find
    • q
    • Dopowiedzenie
    • pbk., alk. paper
Numer inwentarzowy Status udost. Lokalizacja Data inwentaryzacji Sygnatura
A.86681BM2010-07-14ANG. Dramat brytyjski 10